Manshū no senʾi kōgyō.

Saved in:
Bibliographic Details
Corporate Author: Minami Manshū Tetsudō Kabushiki Kaisha. Chōsaka.
Other Authors: Mikami, Yasumi, 1898-
Format: Book
Language:Japanese
Published: [Dairen] Mantetsu [Sōmubu] Chōsaka [Maruzen hanbai, Shōwa 6 i.e. 1931]
Series:Manshū sangyō sōsho, dai 6-shū
Subjects:
Tags: Add Tag
No Tags, Be the first to tag this record!
LEADER 01432nam a2200361 4500
001 007764355-0
005 20024617115958.0
008 901220s1931 cc a 000 0 jpn
010 |a 73798040 /J 
035 0 |a ocm22879172 
035 0 |a ocm22879172  |z ocm33770958 
040 |a DLC  |c WaU  |d OCoLC  |d *YNH*  |d CStRLIN 
050 0 |a HD9866.C53  |b M35 
110 2 |6 880-01  |a Minami Manshū Tetsudō Kabushiki Kaisha.  |b Chōsaka. 
245 1 0 |6 880-02  |a Manshū no senʾi kōgyō. 
260 |6 880-03  |a [Dairen]  |b Mantetsu [Sōmubu] Chōsaka  |b [Maruzen hanbai,  |c Shōwa 6 i.e. 1931] 
300 |a 7, 252 p.  |b illus.  |c 23 cm. 
490 0 |6 880-04  |a Manshū sangyō sōsho,  |v dai 6-shū 
500 |a Cover title. 
500 |6 880-05  |a Tantōsha Mikami Yasumi. 
500 |6 880-06  |a In colophon: Hakkōjo Minami Manshū Tetsudō Kabushiki Kaisha. 
650 0 |a Textile fabrics  |z China  |z Manchuria. 
650 0 |a Paper industry  |z China  |z Manchuria. 
700 1 |6 880-07  |a Mikami, Yasumi,  |d 1898- 
880 2 |6 110-01  |a 南滿洲鐵道株式會社.  |b 總務部.  |b 調查課. 
880 1 0 |6 245-02  |a 滿洲の纎維工業. 
880 |6 260-03  |a [大連]  |b 滿鐵[總務部]調查課  |b [丸善販賣,  |c 昭和6 i.e. 1931] 
880 0 |6 490-04  |a 滿洲產業叢書  |v 第6輯 
880 |6 500-05  |a 擔當者三上安美. 
880 |6 500-06  |a In colophon: 發行所南滿洲鐵道株式會社. 
880 1 |6 700-07  |a 三上安美. 
988 |a 20021214 
906 |0 DLC